Grands névropathes (Record no. 171132)

MARC details
000 -LEADER
campo de control de longitud fija 01149nam a2200253 i 4500
001 - NÚMERO DE CONTROL
campo de control 171132
003 - IDENTIFICADOR DE NÚMERO DE CONTROL
campo de control ES-MaACL
005 - FECHA Y HORA DE LA ÚLTIMA TRANSACCIÓN
campo de control 20230906214540.0
008 - DATOS DE LONGITUD FIJA--INFORMACIÓN GENERAL
campo de control de longitud fija 090429s19311953fr |||| | fre d
080 ## - NÚMERO DE LA CLASIFICACIÓN DECIMAL UNIVERSAL
Número de la Clasificación Decimal Universal 929
100 0# - ENTRADA PRINCIPAL--NOMBRE DE PERSONA
Nombre de persona Cabanès, Augustin.
9 (RLIN) 33136
245 10 - MENCIÓN DEL TÍTULO
Título Grands névropathes
Resto del título : ouvrage illustré de [...] gravures /
Mención de responsabilidad, etc. Docteur Cabanès.
260 ## - PUBLICACIÓN, DISTRIBUCIÓN, ETC.
Lugar de publicación, distribución, etc. Paris :
Nombre del editor, distribuidor, etc. Albin Michel,
Fecha de publicación, distribución, etc. 1931-53.
300 ## - DESCRIPCIÓN FÍSICA
Extensión 2 v. :
Otras características físicas grab., retr. ;
Dimensiones 18 cm.
490 1# - MENCIÓN DE SERIE
Mención de serie Ouvrages de pathologie littéraire
505 8# - NOTA DE CONTENIDO CON FORMATO
Nota de contenido con formato Contiene: T. I. Baudelaire ; Byron ; Chateaubriand ; Molière ; Pascal ; Shelley ; Wagner. T. II. La Fontaine ; Rousseau ; Rétif de la Bretonne ; Bernardin de Saint-Pierre ; Lamennais ; Auguste Comte ; Alfred de Musset ; Victor Hugo ; Sainte-Beuve ; Les frères de Goncourt.
594 ## - Nota al título y mención de responsabilidad
Nota al título y mención de responsabilidad Subt. del t. I: Malades immortels.
596 ## - NOTA AL PIE DE IMPRENTA
NOTA AL PIE DE IMPRENTA T.I imp. en 1953.
650 #4 - PUNTO DE ACCESO ADICIONAL DE MATERIA--TÉRMINO DE MATERIA
Término de materia o nombre geográfico como elemento de entrada Escritores-
Subdivisión de forma Biografías.
9 (RLIN) 136034
650 #4 - PUNTO DE ACCESO ADICIONAL DE MATERIA--TÉRMINO DE MATERIA
Término de materia o nombre geográfico como elemento de entrada Celebridades-
Subdivisión general Biografías.
9 (RLIN) 143758
830 0# - PUNTO DE ACCESO ADICIONAL DE SERIE-TÍTULO UNIFORME
Título uniforme Ouvrages de pathologie littéraire
9 (RLIN) 223154
852 4# - LOCALIZACIÓN
Ubicación ES-MaACL
Número de control de estantería E-12610-11
itemnumber R.140240
Nota libre . - Biblioteca Jacinto Martínez Lacalle
Holdings
Estatus retirado Estado de pérdida Estado de daño No para préstamo Biblioteca de origen Biblioteca actual Ubicación en estantería Fecha de adquisición Fuente de adquisición Total de préstamos Signatura topográfica completa Código de barras Visto por última vez Precio de reemplazo Tipo de ítem Koha
        Biblioteca del Ateneo de Madrid Biblioteca del Ateneo de Madrid Depósito 2 29/04/2009     E-12611 1179596 23/02/2023 23/02/2023 Libro impreso